书目信息 |
| 题名: |
多元协同下高校法治教育体系化路径研究
|
|
| 作者: | 尹乃春 编著 | |
| 分册: | ||
| 出版信息: | 上海 上海交通大学出版社 2019.09 |
|
| 页数: | 197页 | |
| 开本: | 24cm | |
| 丛书名: | ||
| 单 册: | ||
| 中图分类: | G641.5 | |
| 科图分类: | ||
| 主题词: | 高等学校--法制教育--体系建设--研究--中国 | |
| 电子资源: | ||
| ISBN: | 978-7-313-21857-5 | |
| 000 | 01372nam0 2200253 450 | |
| 001 | 0103152700 | |
| 005 | 20201103152732.0 | |
| 010 | @a978-7-313-21857-5@dCNY69.00 | |
| 100 | @a20200408d2019 em y0chiy50 ea | |
| 101 | 0 | @achi |
| 102 | @aCN@b310000 | |
| 105 | @ay z 001yy | |
| 106 | @ar | |
| 200 | 1 | @a多元协同下高校法治教育体系化路径研究@Aduo yuan xie tong xia gao xiao fa zhi jiao yu ti xi hua lu jing yan jiu@e以大学生法律信仰培育为中心@dResearch on the systematic path of rule of law education in universities under the multi-synergy@efocusing on the cultivation of legal belief@f尹乃春编著@zeng |
| 210 | @a上海@c上海交通大学出版社@d2019.09 | |
| 215 | @a197页@d24cm | |
| 300 | @a受教育部人文社会科学研究专项任务项目:“社会主义核心价值观引领下大学生法律信仰培育路径研究”资助 | |
| 330 | @a本书运用问卷调查、个案访谈与文献收集整理的方法,揭示我国高校法治教育中大学生法律信仰状况和存在的问题,并对原因进行剖析。在借鉴域外国家和地区相关经验的基础上,运用多元协同理论,提出大学生法律信仰培育体系化的路径。 | |
| 510 | 1 | @aResearch on the systematic path of rule of law education in universities under the multi-synergy@efocusing on the cultivation of legal belief@zeng |
| 606 | 0 | @a高等学校@x法制教育@x体系建设@x研究@y中国 |
| 690 | @aG641.5@v5 | |
| 701 | 0 | @a尹乃春@Ayin nai chun@4编著 |
| 801 | 0 | @aCN@bBJSZM@c20201103 |
| 905 | @b1257761-5@dG641.5@e1761@f5 | |
| 多元协同下高校法治教育体系化路径研究:以大学生法律信仰培育为中心=Research on the systematic path of rule of law education in universities under the multi-synergy:focusing on the cultivation of legal belief/尹乃春编著.-上海:上海交通大学出版社,2019.09 |
| 197页;24cm |
| 受教育部人文社会科学研究专项任务项目:“社会主义核心价值观引领下大学生法律信仰培育路径研究”资助 |
| ISBN 978-7-313-21857-5:CNY69.00 |
| 本书运用问卷调查、个案访谈与文献收集整理的方法,揭示我国高校法治教育中大学生法律信仰状况和存在的问题,并对原因进行剖析。在借鉴域外国家和地区相关经验的基础上,运用多元协同理论,提出大学生法律信仰培育体系化的路径。 |
| ● |
| 相关链接 |
|
|
|
|
正题名:多元协同下高校法治教育体系化路径研究
索取号:G641.5/1761
 
预约/预借
| 序号 | 登录号 | 条形码 | 馆藏地/架位号 | 状态 | 备注 |
| 1 | 1257761 | 212577610 | 第一样本阅览室/ [索取号:G641.5/1761] | 在馆 | |
| 2 | 1257762 | 212577629 | 教育系资料室/ [索取号:G641.5/1761] | 在馆 | |
| 3 | 1257763 | 212577638 | 教育系资料室/ [索取号:G641.5/1761] | 在馆 | |
| 4 | 1257764 | 212577647 | 第四借阅区/ [索取号:G641.5/1761] | 在馆 | |
| 5 | 1257765 | 212577656 | 第四借阅区/ [索取号:G641.5/1761] | 在馆 |